مولانا شیبلی نعمانی / (Record no. 170703)
[ view plain ]
| 000 -LEADER | |
|---|---|
| fixed length control field | 00521nam a22001817a 4500 |
| 005 - DATE AND TIME OF LATEST TRANSACTION | |
| control field | 20191223141524.0 |
| 010 ## - LCCN (DPL NO) | |
| LC control number | A-441454 |
| 020 ## - INTERNATIONAL STANDARD BOOK NUMBER | |
| Terms of availability | 30.00 |
| 035 ## - SYSTEM CONTROL NUMBER | |
| System control number | A-441454 |
| 082 ## - DEWEY DECIMAL CLASSIFICATION NUMBER | |
| Classification number | 848 |
| 100 ## - MAIN ENTRY--PERSONAL NAME | |
| Personal name | مفتون احمد |
| 245 ## - TITLE STATEMENT | |
| Title | مولانا شیبلی نعمانی / |
| Statement of responsibility, etc | مفتون احمد |
| 246 ## - VARYING FORM OF TITLE | |
| Title proper/short title | Maulana Shibli Naumani (Urdu) / |
| Remainder of title | by Maftoon Ahmed |
| 260 ## - PUBLICATION, DISTRIBUTION, ETC. (IMPRINT) | |
| Date of publication, distribution, etc | 1986 ء |
| Place of publication, distribution, etc | Karachi |
| Name of publisher, distributor, etc | Maktaba Asloob |
| 270 ## - ADDRESS | |
| Address | - |
| City | - |
| Postal code | - |
| 300 ## - PHYSICAL DESCRIPTION | |
| Extent | 135p. |
| Dimensions | 20cm(Hb) |
| 942 ## - ADDED ENTRY ELEMENTS (KOHA) | |
| Source of classification or shelving scheme | Dewey Decimal Classification |
| Item type | Urdu Bks |
| Classification part | 848 |
| Call number suffix | م ف ت |
| Withdrawn status | Lost status | Not for loan | Collection code | Home library | Current library | Date acquired | Source of acquisition | Cost, normal purchase price | Full call number | Barcode | Copy number | Cost, replacement price | Koha item type |
|---|---|---|---|---|---|---|---|---|---|---|---|---|---|
| Non-fiction | Central Library | Central Library | 23/12/2019 | BPPD/Ven. | 30.00 | 848 م ف ت | A-441454 | 1 | 30.00 | Urdu Bks |
